000 01261cim a22003257a 4500
005 20070601172700.0
008 010612s194u nyunnn z eng
010 _a 2001659815
028 _aD3-MM-4190-1
_bNBC
040 _aDLC
050 _aNCPC 07285
245 _aChina & India speak to America, India speaks.
_nPart No. 10,
_pIndia's culture & the dance
_h[sound recording].
246 _aChina and India speak to America, India speaks
246 _aIndia's culture & the dance
260 _aNew York :
_bNBC Radio-Recording Div.,
_c[194-]
300 _a1 sound disc :
_banalog, 33 1/3 rpm, mono. ;
_c16 in.
500 _aNBC: D3-MM-4190-1 (matrix).
500 _aDistributed electrical transcription recording.
500 _aPresented by the East & West Association.
500 _aProduction level cataloging.
501 _aIssued with: Landmarks of Indian history.
511 _aDr. Ananda Coomaraswamy, Mme. La Neri.
655 _aInformational programs
_vRadio.
_2radfg
700 _aCoomaraswamy, Ananda Kentish,
_d1877-1947
_4spk
700 _aLa Meri,
_d1898-1988.
710 _aEast and West Association (U.S.)
906 _a7
_bcbc
_corigcop
_d3
_encip
_f20
_gy-soundrec
942 _2ddc
_cBN
999 _c34577
_d34577